Código de ética profesional /

Código de ética profesional elaborado por el Instituto Mexicano de Contadores Públicos (IMCP), que comprende normas y orientaciones de carácter general para todo profesional del campo de la contabilidad, normas específicas según la esfera de acción (el contador público como profesional independiente...

Descripción completa

Guardado en:
Detalles Bibliográficos
Autor corporativo: Instituto Mexicano de Contadores Públicos. Comisión de Etica Profesional
Formato: Libro
Idioma:Español
Publicado: México : Instituto Mexicano de Contadores Públicos, Comisión de Etica Profesional, 2000, c2000
Edición:4a edición
Temas:
Etiquetas: Agrega una etiqueta
Sin etiquetas, Sé el primero en etiquetar este registro!

MARC

LEADER 00000nam^a2200000^a^4500
001 000119084
005 20250521000000.0
009 20260310094305.717
020 |a 970-665-032-6 
037 |a Acervo ITESO - Biblioteca 
041 |a ESP 
082 |a 174. 9657  |b COD 
110 |a Instituto Mexicano de Contadores Públicos.  |b Comisión de Etica Profesional 
240 1 1 |a [Código de ética profesiona] 
245 1 0 |a Código de ética profesional /  |c Instituto Mexicano de Contadores Públicos. 
250 |a 4a edición 
264 4 |a México :  |b Instituto Mexicano de Contadores Públicos, Comisión de Etica Profesional,  |c 2000, c2000 
300 |a 32 p. 
336 |a texto  |b txt  |2 rdacontenido 
337 |a sin mediación  |b n  |2 rdamedio 
338 |a volumen  |b nc  |2 rdasoporte 
520 |a Código de ética profesional elaborado por el Instituto Mexicano de Contadores Públicos (IMCP), que comprende normas y orientaciones de carácter general para todo profesional del campo de la contabilidad, normas específicas según la esfera de acción (el contador público como profesional independiente, el contador público en los sectores público y privado y el contador público en la docencia) y las sanciones previstas. Todo ello es precedido por la enunciación de postulados sobre el alcance del código y las responsabilidades hacia la sociedad, hacia quien patrocina los servicios y hacia la profesión. 
649 |a XX 
650 |a Contadores y Auditores -  |x Aspectos Eticos -  |x Tema Principal 
650 |a Etica en los Negocios 
650 |a Etica Profesional -  |x Tema Principal 
650 |a Etica 
910 |a Fondo General 
920 |a Impresos - Libros 
930 |a Colección General 
905 |a 101 
901 |a 0500053912  |b IT1  |c ACC  |u 20250521 
902 |a https://opac.biblio.iteso.mx/vufind/Record/000119084